Trọng tài thương mại Việt Nam trong tiến trình đổi mới

Bewaard in:
Bibliografische gegevens
Hoofdauteur: Dương Văn Hậu
Formaat: Boek
Taal:Vietnamese
Gepubliceerd in: Chính trị quốc gia 1999
Tags: Voeg label toe
Geen labels, Wees de eerste die dit record labelt!
Thư viện lưu trữ: Mạng thư viện Đại học Đà Nẵng
LEADER 00674nam a2200253 4500
001 000020596
003 17042
005 20150324090357.0
008 150324s1999 viesd
020 |c 21000 
041 0 |a vie 
082 1 4 |a 343.08  |b DƯ-H 
100 1 |a Dương Văn Hậu 
245 1 0 |a Trọng tài thương mại Việt Nam trong tiến trình đổi mới  |c Dương Văn Hậu 
260 |b Chính trị quốc gia  |c 1999 
300 |a tr.  |c cm. 
OWN |a LSP 
999 |a From the UDN01 
TYP |a Monograph 
TYP |a Printed language 
980 |a Mạng thư viện Đại học Đà Nẵng